ბათუმის შოთა რუსთაველის სახელმწიფო უნივერსიტეტის ბიბლიოთეკა

Организация туристских перевозок. (ბიბ.ჩანაწერი № 35060)

000 -LEADER
fixed length control field 00588nam a2200217Ia 4500
001 - CONTROL NUMBER
control field 900
003 - CONTROL NUMBER IDENTIFIER
control field GE_BSU
008 - FIXED-LENGTH DATA ELEMENTS--GENERAL INFORMATION
fixed length control field 181216s||||||||xx |||||||||||||| ||und||
020 ## - INTERNATIONAL STANDARD BOOK NUMBER
International Standard Book Number 527902418X
040 ## - CATALOGING SOURCE
Transcribing agency GE_BSU
080 ## - UNIVERSAL DECIMAL CLASSIFICATION NUMBER
Universal Decimal Classification number 656.025.2
100 ## - MAIN ENTRY--PERSONAL NAME
Personal name Гуляев,В.Г.
245 ## - TITLE STATEMENT
Title Организация туристских перевозок.
260 ## - PUBLICATION, DISTRIBUTION, ETC.
Place of publication, distribution, etc. Москва
260 ## - PUBLICATION, DISTRIBUTION, ETC.
Name of publisher, distributor, etc. финансы и статистика
260 ## - PUBLICATION, DISTRIBUTION, ETC.
Date of publication, distribution, etc. 2001
300 ## - PHYSICAL DESCRIPTION
Extent 512 с.
653 ## - INDEX TERM--UNCONTROLLED
Uncontrolled term Организация Туристиских Перевозок.
942 ## - ADDED ENTRY ELEMENTS (KOHA)
Koha item type წიგნი
ეგზემპლარები
Withdrawn status Lost status Damaged status Not for loan Date acquired Barcode Date last seen Price effective from Koha item type
        2018-12-17 969 2018-12-17 2018-12-17 წიგნი